Circuits, Signals and Devices. (Record no. 4280)

MARC details
005 - DATE AND TIME OF LATEST TRANSACTION
control field 20250618101637.0
020 ## - INTERNATIONAL STANDARD BOOK NUMBER
International Standard Book Number 0 582 05477 X
082 ## - DEWEY DECIMAL CLASSIFICATION NUMBER
Classification number LM 621.319 JUL
100 ## - MAIN ENTRY--PERSONAL NAME
Author name JULIAN, M.
245 ## - TITLE STATEMENT
Title Circuits, Signals and Devices.
260 ## - PUBLICATION, DISTRIBUTION, ETC.
Place of publication, distribution, etc. England,
Name of publisher, distributor, etc. Longman,
Date of publication, distribution, etc. 1989.
300 ## - PHYSICAL DESCRIPTION
Extent xii, 515p.: ill.; figure, table
Other physical details Index
Dimensions 23cm
942 ## - ADDED ENTRY ELEMENTS (KOHA)
Source of classification or shelving scheme Dewey Decimal Classification
Koha item type Books
Holdings
Date last seen Total checkouts Full call number Barcode Cost, replacement price Price effective from Koha item type Lost status Source of classification or shelving scheme Damaged status Not for loan Withdrawn status Home library Current library Shelving location Date acquired Cost, normal purchase price
06/18/2025   LM 621.319 JUL 00000013160 30000.00 06/18/2025 Books   Dewey Decimal Classification       College of Business Education Main Library College of Business Education Main Library General Collection 10/19/1989 10000.00